Một số giải pháp nâng cao chất lượng giảng viên giáo dục quốc phòng - An ninh ở trung tâm giáo dục quốc phòng Hà Nội 2 /
Wedi'i Gadw mewn:
| Prif Awdur: | |
|---|---|
| Fformat: | Erthygl |
| Iaith: | Vietnamese |
| Pynciau: | |
| Tagiau: |
Ychwanegu Tag
Dim Tagiau, Byddwch y cyntaf i dagio'r cofnod hwn!
|
| Thư viện lưu trữ: | Thư viện Trường Đại học Đà Lạt |
|---|
| LEADER | 00871nam a2200265 4500 | ||
|---|---|---|---|
| 001 | DLU140158726 | ||
| 005 | ##20140107 | ||
| 040 | # | # | |a DLU |b vie |
| 041 | # | # | |a vie |
| 044 | # | # | |a vn |
| 100 | # | # | |a Hà Mạnh Hùng, |c ThS. |
| 245 | # | # | |a Một số giải pháp nâng cao chất lượng giảng viên giáo dục quốc phòng - An ninh ở trung tâm giáo dục quốc phòng Hà Nội 2 / |c Hà Mạnh Hùng. |
| 653 | # | # | |a Công tác cán bộ |
| 653 | # | # | |a Chất lượng giảng viên |
| 653 | # | # | |a Chuẩn hóa |
| 773 | # | # | |t Tạp chí Giáo dục |g Số 266(2), 2011, tr. 54-56 |
| 920 | # | # | |a Phòng Tạp chí -- Trung tâm Thông tin - Thư viện Trường Đại học Đà Lạt |
| 994 | # | # | |a DLU |
| 900 | # | # | |a True |
| 911 | # | # | |a Nguyễn Thị Linh Chi |
| 925 | # | # | |a G |
| 926 | # | # | |a A |
| 927 | # | # | |a BB |
| 980 | # | # | |a Thư viện Trường Đại học Đà Lạt |